Advanced Model Predictive Control for Autonomous Marine Vehicles (Record no. 3193)

000 -LEADER
fixed length control field 04079nam a22005055i 4500
007 - PHYSICAL DESCRIPTION FIXED FIELD--GENERAL INFORMATION
fixed length control field cr nn 008mamaa
008 - FIXED-LENGTH DATA ELEMENTS--GENERAL INFORMATION
fixed length control field 230213s2023 sz | s |||| 0|eng d
020 ## - INTERNATIONAL STANDARD BOOK NUMBER
International Standard Book Number 9783031193545
-- 978-3-031-19354-5
040 ## - CATALOGING SOURCE
Original cataloging agency IMU Kochi Library
Language of cataloging eng
041 0# - LANGUAGE CODE
Language code of text/sound track or separate title eng
082 04 - DEWEY DECIMAL CLASSIFICATION NUMBER
Classification number 629.8312
Edition number 23
082 04 - DEWEY DECIMAL CLASSIFICATION NUMBER
Classification number 003
Edition number 23
100 1# - MAIN ENTRY--PERSONAL NAME
Personal name Shi, Yang.
245 10 - TITLE STATEMENT
Title Advanced Model Predictive Control for Autonomous Marine Vehicles
Medium [electronic resource] /
250 ## - EDITION STATEMENT
Edition statement 1st ed. 2023.
300 ## - PHYSICAL DESCRIPTION
Extent XVI, 199 p. 72 illus., 70 illus. in color.
Other physical details online resource.
490 1# - SERIES STATEMENT
Series statement Advances in Industrial Control,
505 0# - FORMATTED CONTENTS NOTE
Formatted contents note 1. Introduction -- 2. AUV Modelling -- 3. Receding Horizon Optimization for Integrated Path Planning and Tracking Control of an AUV -- 4. Lyapunov-Based Model Predictive Control for Dynamic Positioning and Trajectory Tracking Control of an AUV -- 5. Multi-Objective Model Predictive Control for Path Following Control of an AUV -- 6. Efficient Implementation Algorithms for NMPC Trajectory Tracking Control of an AUV -- 7. Distributed Lyapunov-based Model Predictive Formation Tracking Control for AUVs Subject to Disturbances -- 8. Conclusions and Future Work.
520 ## - SUMMARY, ETC.
Summary, etc This book provides a comprehensive overview of marine control system design related to underwater robotics applications. In particular, it presents novel optimization-based model predictive control strategies to solve control problems appearing in autonomous underwater vehicle applications. These novel approaches bring unique features, such as constraint handling, prioritization between multiple design objectives, optimal control performance, and robustness against disturbances and uncertainties, into the control system design. They therefore form a more general framework to design marine control systems and can be widely applied. Advanced Model Predictive Control for Autonomous Marine Vehicles balances theoretical rigor - providing thorough analysis and developing provably-correct design conditions - and application perspectives - addressing practical system constraints and implementation issues. Starting with a fixed-point positioning problem for a single vehicleand progressing to the trajectory-tracking and path-following problem of the vehicle, and then to the coordination control of a large-scale multi-robot team, this book addresses the motion control problems, increasing their level of challenge step-by-step. At each step, related subproblems such as path planning, thrust allocation, collision avoidance, and time constraints for real-time implementation are also discussed with solutions. In each chapter of this book, compact and illustrative examples are provided to demonstrate the design and implementation procedures. As a result, this book is useful for both theoretical study and practical engineering design, and the tools provided in the book are readily applicable for real-world implementation.
650 #0 - SUBJECT ADDED ENTRY--TOPICAL TERM
Topical term or geographic name as entry element Control engineering.
650 #0 - SUBJECT ADDED ENTRY--TOPICAL TERM
Topical term or geographic name as entry element Robotics.
650 #0 - SUBJECT ADDED ENTRY--TOPICAL TERM
Topical term or geographic name as entry element Offshore structures.
650 #0 - SUBJECT ADDED ENTRY--TOPICAL TERM
Topical term or geographic name as entry element System theory.
650 #0 - SUBJECT ADDED ENTRY--TOPICAL TERM
Topical term or geographic name as entry element Control theory.
650 14 - SUBJECT ADDED ENTRY--TOPICAL TERM
Topical term or geographic name as entry element Control and Systems Theory.
650 24 - SUBJECT ADDED ENTRY--TOPICAL TERM
Topical term or geographic name as entry element Robotic Engineering.
650 24 - SUBJECT ADDED ENTRY--TOPICAL TERM
Topical term or geographic name as entry element Offshore Engineering.
650 24 - SUBJECT ADDED ENTRY--TOPICAL TERM
Topical term or geographic name as entry element Robotics.
650 24 - SUBJECT ADDED ENTRY--TOPICAL TERM
Topical term or geographic name as entry element Systems Theory, Control.
700 1# - ADDED ENTRY--PERSONAL NAME
Personal name Shen, Chao.
Relator term
Relator code aut
-- http://id.loc.gov/vocabulary/relators/aut
700 1# - ADDED ENTRY--PERSONAL NAME
Personal name Wei, Henglai.
Relator term
Relator code aut
-- http://id.loc.gov/vocabulary/relators/aut
700 1# - ADDED ENTRY--PERSONAL NAME
Personal name Zhang, Kunwu.
Relator term
Relator code aut
-- http://id.loc.gov/vocabulary/relators/aut
830 #0 - SERIES ADDED ENTRY--UNIFORM TITLE
Uniform title Advances in Industrial Control,
852 ## - LOCATION/CALL NUMBER
Location IMU Kochi Library
856 40 - ELECTRONIC LOCATION AND ACCESS
Uniform Resource Identifier <a href="https://doi.org/10.1007/978-3-031-19354-5">https://doi.org/10.1007/978-3-031-19354-5</a>
904 ## - LOCAL DATA ELEMENT D, LDD (RLIN)
CATALOGER Rudra Ranjan
905 ## - LOCAL DATA ELEMENT E, LDE (RLIN)
VERIFIER Rudra Ranjan
942 ## - ADDED ENTRY ELEMENTS (KOHA)
Item type E-Book
264 #1 -
-- Cham :
-- Springer International Publishing :
-- Imprint: Springer,
-- 2023.
338 ## -
-- online resource
830 #0 - SERIES ADDED ENTRY--UNIFORM TITLE
-- 2193-1577

No items available.



Copyright © All Rights Reserved by Indian Maritime University, Kochi Campus.
For any Suggestions/Query Contact to library or Email: library.kochi@imu.ac.in Ph:(0484)-2989402
(Web OPAC Designed by Rudra Ranjan. Maintained by IMU Kochi Library)

Powered by Koha